000
00327nam a22001217a 4500
003
SGT
082
_a
891.4309
_b
S05J
100
_a
झा, प्रभात
245
_a
शिल्पी : अंतिम प्रणाम
260
_b
अर्चना प्रकाशन
_c
2005
300
_a
242
942
_2
ddc
_c
BK
999
_c
31420
_d
31420